[Event "Athens Smaok op 19th"]
[Site "Athens"]
[Date "2013.01.08"]
[Round "1"]
[White "Nikolaou, Georgios"]
[Black "Ntatsis, Georgios"]
[Result "1-0"]
[WhiteElo "2291"]
[BlackElo "1980"]
[PlyCount "70"]
[EventDate "2013.01.08"]
[EventType "swiss"]
[EventRounds "7"]
[EventCountry "GRE"]
[SourceTitle "EXT 2014"]
[Source "ChessBase"]
[SourceDate "2013.11.20"]
[SourceVersion "1"]
[SourceVersionDate "2013.11.20"]
[SourceQuality "1"]

1. Nf3 d6 2. d4 Nd7 3. c4 c5 4. Nc3 g6 5. g3 Bg7 6. Bg2 Ngf6 7. 0-0 0-0 8. h3 h6 9. Be3 cxd4 10. Nxd4 Ne5 11. b3 Bd7 12. Qd2 Kh7 13. Nd5 Nxd5 14. cxd5 g5 15. Rac1 a6 16. Rc2 Rc8 17. Rfc1 Rxc2 18. Qxc2+ Kh8 19. Nf5 Re8 20. Nxg7 Kxg7 21. Bd4 f6 22. Qd2 Ng6 23. Qe3 Qa5 24. a4 Rc8 25. Bc3 Qc7 26. Bxf6+ exf6 27. Rxc7 Rxc7 28. Qb6 Rc1+ 29. Kh2 Bc8 30. Qxd6 Ne5 31. Qe7+ Nf7 32. Bf3 Bf5 33. e4 Bg6 34. d6 Rc3 35. Bg4 Bxe4 1-0

[Event "Athens op 03-A"]
[Site "Athens"]
[Date "2012.03.13"]
[Round "2"]
[White "Koerant, Filipos"]
[Black "Ntatsis, Georgios"]
[Result "1-0"]
[WhiteElo "2013"]
[BlackElo "2039"]
[PlyCount "109"]
[EventDate "2012.03.06"]
[EventType "swiss"]
[EventRounds "7"]
[EventCountry "GRE"]
[SourceTitle "EXT 2014"]
[Source "ChessBase"]
[SourceDate "2013.11.20"]
[SourceVersion "1"]
[SourceVersionDate "2013.11.20"]
[SourceQuality "1"]

1. d4 Nf6 2. c4 c5 3. d5 e6 4. Nc3 exd5 5. cxd5 d6 6. Nf3 g6 7. Qa4+ Bd7 8. Qb3 b5 9. Nxb5 Qa5+ 10. Nc3 Bg7 11. Bd2 Qb4 12. g3 0-0 13. Bg2 Na6 14. 0-0 Rab8 15. Bf4 Rb6 16. Nd2 Nh5 17. Nc4 Nxf4 18. gxf4 Rbb8 19. e3 Rfd8 20. Rfc1 Bb5 21. Nxb5 Qxb5 22. Qxb5 Rxb5 23. Bf1 Nc7 24. Rab1 Rbb8 25. Rd1 h6 26. b3 Nb5 27. Na5 Nc3 28. Nc6 Nxb1 29. Rxb1 Bf6 30. a4 Rb7 31. Nxd8 Bxd8 32. Bc4 a5 33. Kg2 Kg7 34. Kf3 h5 35. Bb5 f5 36. Ke2 Bf6 37. Kd3 Bh4 38. f3 Re7 39. Rb2 Kf6 40. Re2 Kf7 41. Bc6 g5 42. fxg5 Bxg5 43. e4 f4 44. Kc4 Re5 45. Bd7 Bd8 46. Be6+ Kf6 47. Bf5 Re7 48. Rg2 Rg7 49. Rxg7 Kxg7 50. e5 dxe5 51. Kxc5 Kf6 52. Be4 Kg5 53. d6 Kf6 54. Kc6 Ke6 55. Bd5+ 1-0

[Event "Athens Smaok op 10th"]
[Site "Athens"]
[Date "2011.04.19"]
[Round "6"]
[White "Ntatsis, Georgios"]
[Black "Kokolias, Konstantinos"]
[Result "0-1"]
[WhiteElo "2041"]
[BlackElo "2163"]
[PlyCount "76"]
[EventDate "2011.03.15"]
[EventType "swiss"]
[EventRounds "7"]
[EventCountry "GRE"]
[SourceTitle "EXT 2024"]
[Source "ChessBase"]
[SourceDate "2023.10.10"]
[SourceVersion "1"]
[SourceVersionDate "2023.10.10"]
[SourceQuality "1"]

1. Nf3 d5 2. g3 c6 3. Bg2 Bg4 4. Ne5 Bh5 5. d4 Nd7 6. Nd3 Ngf6 7. 0-0 Bg6 8. a4 h6 9. a5 a6 10. Nc3 e6 11. f3 c5 12. e3 Bd6 13. Ne2 0-0 14. Ndf4 Bh7 15. c3 Nb8 16. Nh3 Nc6 17. dxc5 Bxc5 18. Kh1 Ba7 19. b4 Ne5 20. Nf2 Nc4 21. e4 Bxf2 22. Rxf2 dxe4 23. Qb3 e3 24. Rf1 Qc7 25. Re1 Rfd8 26. Bf1 e5 27. Ng1 Bd3 28. Bxe3 Bxf1 29. Bb6 Nxb6 30. axb6 Qc4 31. Qb2 Bd3 32. Rxe5 Rac8 33. Rc1 Nd5 34. Qd2 Nxb6 35. Nh3 Bf1 36. Qf2 Bxh3 37. Qxb6 Qa2 38. Rg1 Rd2 0-1

[Event "Athens Smaok 1900+ op 9th"]
[Site "Athens"]
[Date "2011.03.01"]
[Round "7"]
[White "Ntatsis, Georgios"]
[Black "Koutoukidis, Panagiotis"]
[Result "0-1"]
[WhiteElo "2032"]
[BlackElo "2000"]
[PlyCount "96"]
[EventDate "2011.01.18"]
[EventType "swiss"]
[EventRounds "7"]
[EventCountry "GRE"]
[SourceTitle "EXT 2024"]
[Source "ChessBase"]
[SourceDate "2023.10.10"]
[SourceVersion "1"]
[SourceVersionDate "2023.10.10"]
[SourceQuality "1"]

1. Nf3 Nf6 2. d3 d5 3. Nbd2 c6 4. g3 Nbd7 5. Bg2 e5 6. 0-0 Bd6 7. e4 0-0 8. Re1 Re8 9. a3 Qc7 10. b4 a5 11. bxa5 Rxa5 12. Nb3 Ra4 13. Nfd2 dxe4 14. dxe4 Nc5 15. h3 Be6 16. Bb2 Ra7 17. Qf3 Nfd7 18. Bf1 b5 19. Nxc5 Bxc5 20. Nb3 Bf8 21. Qc3 Nb6 22. Bc1 Rea8 23. Be3 Na4 24. Qd2 Rb7 25. Reb1 Rd8 26. Qe1 Rbb8 27. Bd2 Rd7 28. Na5 Nb6 29. f4 exf4 30. Bxf4 Bd6 31. e5 Bc5+ 32. Kh2 Na4 33. Bg2 Rb6 34. c4 Bd4 35. cxb5 Bc3 36. Qe4 Nc5 37. Qc2 Bxa1 38. Qxc5 Bd4 39. Qb4 Rxb5 40. Nxc6 Rxb4 41. Rxb4 Bb6 42. a4 h6 43. Be4 g5 44. Bc1 Bd5 45. e6 Bxe4 46. exd7 Bg1+ 47. Kxg1 Qxg3+ 48. Kf1 Bd3# 0-1

[Event "Athens Smaok 1900+ op 9th"]
[Site "Athens"]
[Date "2011.02.15"]
[Round "5"]
[White "Maroulakos, Stavros"]
[Black "Ntatsis, Georgios"]
[Result "0-1"]
[WhiteElo "1748"]
[BlackElo "2032"]
[PlyCount "50"]
[EventDate "2011.01.18"]
[EventType "swiss"]
[EventRounds "7"]
[EventCountry "GRE"]
[SourceTitle "EXT 2024"]
[Source "ChessBase"]
[SourceDate "2023.10.10"]
[SourceVersion "1"]
[SourceVersionDate "2023.10.10"]
[SourceQuality "1"]

1. e4 c5 2. Nf3 Nc6 3. d4 cxd4 4. Nxd4 g6 5. Nc3 Bg7 6. Be3 Nf6 7. f3 0-0 8. Qd2 d5 9. Nxc6 bxc6 10. e5 Nd7 11. f4 e6 12. Na4 Nxe5 13. fxe5 Qh4+ 14. g3 Qxa4 15. Qc3 Qe4 16. Rg1 Bxe5 17. Qd3 Qb4+ 18. Kf2 c5 19. Be2 c4 20. Qd1 Qxb2 21. Rb1 Qa3 22. Bd4 f6 23. c3 Bd6 24. Qc2 e5 25. Be3 Bf5 0-1

[Event "Athens Smaok 1900+ op 6th"]
[Site "Athens"]
[Date "2010.06.15"]
[Round "6.8"]
[White "Kaloskambis, Mihail"]
[Black "Ntatsis, Georgios"]
[Result "1-0"]
[WhiteElo "2069"]
[BlackElo "1964"]
[PlyCount "103"]
[EventDate "2010.05.11"]
[EventType "swiss"]
[EventRounds "7"]
[EventCountry "GRE"]
[SourceTitle "EXT 2024"]
[Source "ChessBase"]
[SourceDate "2023.10.10"]
[SourceVersion "1"]
[SourceVersionDate "2023.10.10"]
[SourceQuality "1"]

1. d4 Nf6 2. c4 c5 3. d5 e6 4. Nc3 exd5 5. cxd5 d6 6. e4 g6 7. Nf3 Bg7 8. Bg5 h6 9. Bh4 0-0 10. Nd2 a6 11. a4 Re8 12. Be2 Nbd7 13. 0-0 g5 14. Bg3 Ne5 15. f4 gxf4 16. Bxf4 Ng6 17. Bg3 c4 18. Kh1 Bd7 19. Nxc4 Bf8 20. Qd4 Bg7 21. Qd2 Bg4 22. Nxd6 Bxe2 23. Qxe2 Re7 24. Nf5 Re8 25. Rad1 Nh7 26. Qf2 Qd7 27. Nxg7 Kxg7 28. Qd4+ f6 29. Rf5 b5 30. axb5 axb5 31. Rdf1 Rf8 32. d6 Rae8 33. Rxb5 Ne5 34. Rc5 Qe6 35. Rc7+ Kh8 36. Ne2 Ng6 37. d7 Rd8 38. Nf4 Nxf4 39. Bxf4 Kg7 40. h3 Rf7 41. Rd1 Re7 42. b4 Nf8 43. Qe3 f5 44. Qc3+ Qf6 45. e5 Qg6 46. e6+ Kh7 47. Bd6 Rg7 48. Qxg7+ Kxg7 49. e7 Ne6 50. e8Q Rxe8 51. dxe8Q+ Nxc7 52. Be5+ 1-0

[Event "Athens Smaok 1900+ op 6th"]
[Site "Athens"]
[Date "2010.05.18"]
[Round "2.8"]
[White "Ntatsis, Georgios"]
[Black "Drakopoulos, Anastasios"]
[Result "1-0"]
[WhiteElo "1964"]
[BlackElo "2220"]
[PlyCount "51"]
[EventDate "2010.05.11"]
[EventType "swiss"]
[EventRounds "7"]
[EventCountry "GRE"]
[SourceTitle "EXT 2024"]
[Source "ChessBase"]
[SourceDate "2023.10.10"]
[SourceVersion "1"]
[SourceVersionDate "2023.10.10"]
[SourceQuality "1"]

1. Nf3 c5 2. e4 d6 3. d3 Nc6 4. g3 g6 5. Bg2 Bg7 6. 0-0 e5 7. Nbd2 Nge7 8. c3 0-0 9. a4 Kh8 10. Nh4 Be6 11. Nc4 d5 12. exd5 Nxd5 13. Nf3 f6 14. Re1 Nc7 15. Be3 b6 16. Qe2 Re8 17. Ng5 Qd7 18. Nxe6 Nxe6 19. h4 Rad8 20. h5 Nf4 21. gxf4 exf4 22. Qf3 Ne5 23. Nxe5 fxe5 24. Bc1 Qxd3 25. Qxd3 Rxd3 26. Bxf4 1-0

[Event "Athens Smaok 1900+ op 6th"]
[Site "Athens"]
[Date "2010.05.11"]
[Round "1.7"]
[White "Valden, Petros"]
[Black "Ntatsis, Georgios"]
[Result "1/2-1/2"]
[WhiteElo "2183"]
[BlackElo "1964"]
[PlyCount "66"]
[EventDate "2010.05.11"]
[EventType "swiss"]
[EventRounds "7"]
[EventCountry "GRE"]
[SourceTitle "EXT 2024"]
[Source "ChessBase"]
[SourceDate "2023.10.10"]
[SourceVersion "1"]
[SourceVersionDate "2023.10.10"]
[SourceQuality "1"]

1. e4 c5 2. Nf3 Nc6 3. d4 cxd4 4. Nxd4 g6 5. c4 Bg7 6. Be3 Nf6 7. Nc3 Ng4 8. Qxg4 Nxd4 9. Qd1 Ne6 10. Rc1 Qa5 11. Qd2 b6 12. Be2 Bb7 13. f3 g5 14. 0-0 h5 15. Rfd1 d6 16. Nd5 Qxd2 17. Rxd2 h4 18. b4 Be5 19. c5 dxc5 20. bxc5 bxc5 21. Bxc5 Nxc5 22. Rxc5 Bxd5 23. Rcxd5 f6 24. Bb5+ Kf7 25. Bc4 Kg6 26. Rd7 Bd6 27. g3 hxg3 28. hxg3 Rac8 29. Be6 Rc1+ 30. Kg2 Rhh1 31. Bf5+ Kf7 32. R2xd6 Rcg1+ 33. Kf2 Rf1+ 1/2-1/2

[Event "Pagrati 1800+ op"]
[Site "Pagrati"]
[Date "2009.05.29"]
[Round "4.4"]
[White "Ntatsis, Georgios"]
[Black "Papadakis, Michalis"]
[Result "0-1"]
[WhiteElo "1938"]
[BlackElo "2129"]
[PlyCount "108"]
[EventDate "2009.05.08"]
[EventType "swiss"]
[EventRounds "7"]
[EventCountry "GRE"]
[SourceTitle "EXT 2024"]
[Source "ChessBase"]
[SourceDate "2023.10.10"]
[SourceVersion "1"]
[SourceVersionDate "2023.10.10"]
[SourceQuality "1"]

1. e4 c5 2. Nf3 d6 3. d3 Nc6 4. g3 g6 5. Bg2 Bg7 6. 0-0 e6 7. Re1 Nge7 8. Nbd2 0-0 9. a4 b6 10. Nc4 d5 11. exd5 exd5 12. Nce5 Bb7 13. h4 Nxe5 14. Nxe5 Nc6 15. Nxc6 Bxc6 16. h5 Qd7 17. c3 Rae8 18. Rxe8 Rxe8 19. h6 Bh8 20. d4 a5 21. Be3 Qd6 22. Qd2 c4 23. Bf4 Qd7 24. Qd1 Bb7 25. Qf3 Re4 26. Be5 Bxe5 27. dxe5 Qe6 28. Qd1 Rxe5 29. Qd4 f6 30. f4 Re2 31. Rd1 Kf8 32. f5 gxf5 33. Rf1 Kf7 34. Qh4 Qe3+ 35. Kh1 Re1 36. Qh5+ Ke7 37. Qxf5 Rxf1+ 38. Qxf1 Qxh6+ 39. Kg1 Qe3+ 40. Kh2 Qe6 41. Bh3 Qe4 42. Bf5 Qe3 43. Qg2 Kd6 44. Qc2 d4 45. cxd4 Qh6+ 46. Bh3 Bc8 47. Qg2 Qxh3+ 48. Qxh3 Bxh3 49. Kxh3 b5 50. axb5 a4 51. Kg4 a3 52. bxa3 c3 53. b6 c2 54. b7 Kc7 0-1

[Event "Athens Smaok Winter"]
[Site "Athens"]
[Date "2008.11.25"]
[Round "1.7"]
[White "Vraimakis, Ioannis"]
[Black "Ntatsis, Georgios"]
[Result "0-1"]
[WhiteElo "1500"]
[BlackElo "1954"]
[PlyCount "68"]
[EventDate "2008.11.21"]
[EventType "swiss (rapid)"]
[EventRounds "7"]
[EventCountry "GRE"]
[SourceTitle "EXT 2024"]
[Source "ChessBase"]
[SourceDate "2023.10.10"]
[SourceVersion "1"]
[SourceVersionDate "2023.10.10"]
[SourceQuality "1"]

1. e4 c5 2. Nf3 Nc6 3. d4 cxd4 4. Nxd4 g6 5. c3 Bg7 6. Be3 Nf6 7. Bd3 0-0 8. Nd2 Ne5 9. Bc2 Nfg4 10. Bf4 Qb6 11. h3 Qxb2 12. hxg4 Qxc3 13. Bxe5 Bxe5 14. N4b3 a5 15. a4 Ra6 16. Rh3 Qb4 17. Rb1 d5 18. Na1 Qd6 19. Rd3 Qf6 20. Rxd5 Be6 21. Rdb5 Rd8 22. Nab3 Bc3 23. g5 Qf4 24. g3 Qd6 25. Rc5 Bxb3 26. Rxc3 Be6 27. Rd3 Qc7 28. Rxd8+ Qxd8 29. Rxb7 Rd6 30. Rb2 Bc4 31. Bb1 Qd7 32. Qc2 Ba6 33. Qb3 Qh3 34. Qe3 Qh1+ 0-1

[Event "Athens op"]
[Site "Athens"]
[Date "2008.06.16"]
[Round "3"]
[White "Papadopoulos, Nikolaos"]
[Black "Ntatsis, Georgios"]
[Result "1-0"]
[WhiteElo "2123"]
[BlackElo "1951"]
[PlyCount "101"]
[EventDate "2008.06.14"]
[EventType "swiss"]
[EventRounds "9"]
[EventCountry "GRE"]
[SourceTitle "CBM 125 Extra"]
[Source "ChessBase"]
[SourceDate "2008.09.01"]
[SourceVersion "1"]
[SourceVersionDate "2008.09.01"]
[SourceQuality "1"]

1. d4 Nf6 2. c4 c5 3. d5 e6 4. Nc3 exd5 5. cxd5 d6 6. Nf3 g6 7. g3 Bg7 8. Bg2 0-0 9. 0-0 Re8 10. Bf4 a6 11. a4 Qe7 12. e4 Nbd7 13. Qd2 Ng4 14. Qc2 Rb8 15. a5 h6 16. h3 Nge5 17. Rfe1 Nxf3+ 18. Bxf3 Ne5 19. Bg2 b5 20. axb6 Rxb6 21. Na4 Rb8 22. Bd2 Bd7 23. Bc3 Bb5 24. f4 Nd3 25. Reb1 f6 26. b3 Rec8 27. Nb2 Nxb2 28. Rxb2 c4 29. b4 f5 30. Re1 Re8 31. e5 Rbc8 32. Rbb1 h5 33. Kh2 Kh7 34. Re3 h4 35. Qf2 dxe5 36. fxe5 hxg3+ 37. Qxg3 Bh6 38. Re2 f4 39. Qg4 Rf8 40. Be4 Be8 41. Rf1 f3 42. Rxf3 Rxf3 43. Bxf3 Rb8 44. d6 Qf8 45. Kg2 Qf7 46. e6 Qf8 47. d7 Rb5 48. e7 Qf7 49. dxe8Q Qxe8 50. h4 Rf5 51. Re6 1-0

[Event "Ambelokipi op 86th"]
[Site "Athens"]
[Date "2008.04.07"]
[Round "1"]
[White "Ntatsis, Georgios"]
[Black "Miniotis, Kleanthis"]
[Result "1-0"]
[WhiteElo "1951"]
[BlackElo "1521"]
[PlyCount "43"]
[EventDate "2008.04.07"]
[EventType "swiss"]
[EventRounds "7"]
[EventCountry "GRE"]
[SourceTitle "EXT 2010"]
[Source "ChessBase"]
[SourceDate "2010.11.25"]
[SourceVersion "1"]
[SourceVersionDate "2010.11.25"]
[SourceQuality "1"]

1. e4 c5 2. Nf3 e6 3. d3 Nc6 4. g3 b6 5. Bg2 Bb7 6. 0-0 Bd6 7. c3 Rb8 8. Re1 Be5 9. Nxe5 Nxe5 10. f4 Ng6 11. d4 N8e7 12. f5 exf5 13. exf5 Bxg2 14. Kxg2 Nf8 15. dxc5 Rc8 16. Bf4 Rxc5 17. Bd6 Qa8+ 18. Kg1 Rd5 19. Rxe7+ Kd8 20. Qe2 Rxd6 21. Re8+ Kc7 22. Rxa8 1-0

[Event "Ambelokipi op 83rd"]
[Site "Athens"]
[Date "2007.12.15"]
[Round "5"]
[White "Delithanasis, Dimitrios"]
[Black "Ntatsis, Georgios"]
[Result "1-0"]
[WhiteElo "2204"]
[BlackElo "1992"]
[PlyCount "87"]
[EventDate "2007.12.01"]
[EventType "swiss"]
[EventRounds "7"]
[EventCountry "GRE"]
[SourceTitle "EXT 2024"]
[Source "ChessBase"]
[SourceDate "2023.10.10"]
[SourceVersion "1"]
[SourceVersionDate "2023.10.10"]
[SourceQuality "1"]

1. d4 Nf6 2. Nf3 c5 3. e3 g6 4. b3 Bg7 5. Bb2 0-0 6. Be2 d5 7. 0-0 Nc6 8. Nbd2 Ne4 9. c4 cxd4 10. exd4 Nxd2 11. Qxd2 dxc4 12. bxc4 Bg4 13. Rfd1 Qa5 14. Bc3 Qc7 15. h3 Bxf3 16. Bxf3 Rad8 17. Qb2 Na5 18. c5 b6 19. Qb5 Nb7 20. Rac1 Rb8 21. Qa6 Rfd8 22. Qxa7 bxc5 23. Rb1 cxd4 24. Bd2 Ra8 25. Qxb7 Qxb7 26. Rxb7 Rxa2 27. Rxe7 Bf6 28. Rb7 Kg7 29. g3 h6 30. Kg2 Be5 31. Be4 Rb8 32. Rxf7+ Kxf7 33. Bd5+ Kf6 34. Bxa2 Rb2 35. Bc4 g5 36. Kf3 Bd6 37. Ke4 Bc5 38. f4 gxf4 39. Bxf4 h5 40. h4 Bb6 41. Rf1 Kg6 42. Be5 Rb4 43. Bf7+ Kh7 44. Rf5 1-0

[Event "Ambelokipi op 83rd"]
[Site "Athens"]
[Date "2007.12.12"]
[Round "4"]
[White "Ntatsis, Georgios"]
[Black "Megaloudis, Petros"]
[Result "1-0"]
[WhiteElo "1992"]
[BlackElo "1842"]
[PlyCount "159"]
[EventDate "2007.12.01"]
[EventType "swiss"]
[EventRounds "7"]
[EventCountry "GRE"]
[SourceTitle "EXT 2024"]
[Source "ChessBase"]
[SourceDate "2023.10.10"]
[SourceVersion "1"]
[SourceVersionDate "2023.10.10"]
[SourceQuality "1"]

1. e4 e6 2. d3 Nc6 3. Nf3 Be7 4. g3 b6 5. Bg2 Bb7 6. 0-0 Nf6 7. e5 Nd5 8. c4 Ndb4 9. a3 Na6 10. b4 Nab8 11. d4 d5 12. cxd5 exd5 13. Nc3 Qd7 14. Bg5 h6 15. b5 Bxg5 16. e6 fxe6 17. bxc6 Nxc6 18. Nxg5 hxg5 19. Qg4 0-0-0 20. Rfe1 Rh6 21. Rad1 Rdh8 22. h3 Nd8 23. Qxg5 R8h7 24. h4 Kb8 25. a4 a6 26. Bf1 Nf7 27. Qd2 g5 28. Bd3 Rg7 29. h5 Rxh5 30. Qe2 Rh6 31. Bxa6 Rgh7 32. Bxb7 Kxb7 33. a5 e5 34. a6+ Ka8 35. Kg2 Rh2+ 36. Kf3 Qf5+ 37. Ke3 Nd6 38. Qf3 Qxf3+ 39. Kxf3 e4+ 40. Kg4 c6 41. f3 exf3 42. Kxf3 Rc2 43. Rd3 Rf7+ 44. Kg4 Ka7 45. Kxg5 Kxa6 46. Kg6 Rc7 47. Ra1+ Kb7 48. g4 b5 49. Na2 Rb2 50. Nc1 Nc4 51. Nb3 Kb6 52. Nc5 Ra7 53. Rxa7 Kxa7 54. Rh3 Kb6 55. g5 Rd2 56. Rh4 Nd6 57. Nd7+ Ka5 58. Ne5 Kb6 59. Rg4 Ne4 60. Kf5 Rf2+ 61. Ke6 Kc7 62. g6 Rf8 63. g7 Re8+ 64. Kf7 Nd6+ 65. Kg6 Ne4 66. Rf4 Rg8 67. Rf8 Rxg7+ 68. Kxg7 b4 69. Nd3 b3 70. Rf1 Nc3 71. Kf6 Kb6 72. Ke5 Kb5 73. Kf4 Na4 74. Ke3 Nc3 75. Rc1 Ne4 76. Nb2 c5 77. dxc5 Nxc5 78. Kd4 Na4 79. Nd3 Nb6 80. Rc3 1-0

[Event "Ambelokipi op 82nd"]
[Site "Athens"]
[Date "2007.11.14"]
[Round "4"]
[White "Drakakis, Georgios"]
[Black "Ntatsis, Georgios"]
[Result "1-0"]
[WhiteElo "1793"]
[BlackElo "1992"]
[PlyCount "115"]
[EventDate "2007.11.03"]
[EventType "swiss"]
[EventRounds "7"]
[EventCountry "GRE"]
[SourceTitle "EXT 2024"]
[Source "ChessBase"]
[SourceDate "2023.10.10"]
[SourceVersion "1"]
[SourceVersionDate "2023.10.10"]
[SourceQuality "1"]

1. e4 c5 2. Nc3 Nc6 3. g3 g6 4. d3 Bg7 5. Bg2 e6 6. Be3 d6 7. Qd2 h6 8. f4 Nge7 9. Nf3 Nd4 10. 0-0 0-0 11. f5 exf5 12. Bxh6 fxe4 13. Nxe4 Bxh6 14. Qxh6 Nef5 15. Qd2 d5 16. Nf2 Nxf3+ 17. Bxf3 Be6 18. Ng4 Nd4 19. Bd1 Bxg4 20. Bxg4 f5 21. Bh3 Qf6 22. c3 Ne6 23. Rae1 Rad8 24. Rf2 Kg7 25. Kh1 Rd6 26. Ref1 Ng5 27. Bg2 Rh8 28. Re1 c4 29. d4 Qd8 30. Re5 Ne4 31. Bxe4 dxe4 32. g4 Qf6 33. gxf5 Qxe5 34. dxe5 Rxd2 35. f6+ Kf7 36. Rxd2 Ke6 37. Rg2 Kxe5 38. Rxg6 Rf8 39. Kg2 Kf4 40. Kf2 e3+ 41. Ke2 Rh8 42. f7 Rxh2+ 43. Kf1 Rf2+ 44. Ke1 Ke4 45. Re6+ Kd3 46. Re7 Re2+ 47. Kd1 Rf2 48. Ke1 b5 49. Rxa7 Re2+ 50. Kf1 Rf2+ 51. Ke1 Kc2 52. a4 Kxb2 53. axb5 Kxc3 54. b6 Kd3 55. Rd7+ Kc3 56. b7 Rb2 57. f8Q Kc2 58. b8Q 1-0

[Event "Ambelokipi op 82nd"]
[Site "Athens"]
[Date "2007.11.09"]
[Round "2"]
[White "Kesoglou, Konstantinos"]
[Black "Ntatsis, Georgios"]
[Result "1-0"]
[WhiteElo "2132"]
[BlackElo "1992"]
[PlyCount "109"]
[EventDate "2007.11.03"]
[EventType "swiss"]
[EventRounds "7"]
[EventCountry "GRE"]
[SourceTitle "EXT 2024"]
[Source "ChessBase"]
[SourceDate "2023.10.10"]
[SourceVersion "1"]
[SourceVersionDate "2023.10.10"]
[SourceQuality "1"]

1. c4 Nf6 2. Nc3 c5 3. Nf3 g6 4. g3 Bg7 5. Bg2 0-0 6. 0-0 Nc6 7. d4 cxd4 8. Nxd4 d6 9. Nxc6 bxc6 10. Bxc6 Bh3 11. Bg2 Bxg2 12. Kxg2 Qc7 13. Qd3 Rac8 14. Nb5 Qxc4 15. Nxa7 Qxd3 16. exd3 Rc2 17. a4 Nd5 18. Nb5 Bxb2 19. Rb1 Bg7 20. Na3 Ra2 21. a5 Rc8 22. Nc4 Nc3 23. Rb2 d5 24. Nb6 Rc5 25. Rxa2 Nxa2 26. Bd2 Rc2 27. a6 Rc7 28. Nxd5 Ra7 29. Rb1 Bd4 30. Bh6 f6 31. Rb7 Kf7 32. Rxa7 Bxa7 33. Be3 Ke6 34. Nf4+ Kd7 35. Bxa7 Nb4 36. Be3 Nxa6 37. Kf3 e5 38. Nd5 Ke6 39. Nc3 f5 40. Ke2 Nb4 41. f4 Nc6 42. fxe5 Nxe5 43. h3 Nf7 44. d4 g5 45. Kd3 h6 46. Kc4 Nd6+ 47. Kc5 Nf7 48. d5+ Kd7 49. Kd4 Nd6 50. Bc1 Nf7 51. Na4 h5 52. Nb6+ Kc7 53. Nc4 Kd8 54. Ne5 Nd6 55. Bxg5+ 1-0

[Event "Corfu op"]
[Site "Corfu"]
[Date "2007.10.01"]
[Round "1"]
[White "Rotstein, Arkadij"]
[Black "Ntatsis, Georgios"]
[Result "1-0"]
[WhiteElo "2534"]
[BlackElo "1992"]
[PlyCount "83"]
[EventDate "2007.10.01"]
[EventType "swiss"]
[EventRounds "9"]
[EventCountry "GRE"]
[SourceTitle "CBM 120 Extra"]
[Source "ChessBase"]
[SourceDate "2007.11.01"]
[SourceVersion "1"]
[SourceVersionDate "2007.11.01"]
[SourceQuality "1"]

1. Nf3 c5 2. c4 e6 3. d4 Nf6 4. g3 b6 5. d5 exd5 6. cxd5 Bd6 7. Nc3 Ba6 8. e4 0-0 9. Bxa6 Nxa6 10. 0-0 Re8 11. Re1 Ng4 12. Nb5 Bf8 13. h3 Ne5 14. Nxe5 Rxe5 15. Bf4 Re8 16. Qa4 Qc8 17. a3 Qb7 18. Rad1 Rac8 19. Bd6 c4 20. Bxf8 Rxf8 21. Nd6 b5 22. Qa5 Qb6 23. Qxb6 axb6 24. Nxc8 Rxc8 25. e5 Nc5 26. f4 Kf8 27. Kg2 Nd3 28. Re2 Rc5 29. d6 g5 30. Kf3 Kg7 31. Ke4 Rc8 32. Kf5 h6 33. h4 gxh4 34. gxh4 Kh7 35. Rg2 Nc5 36. Kf6 Ne6 37. f5 Nf4 38. Rg7+ Kh8 39. Rxf7 Re8 40. Rxd7 Nh5+ 41. Kg6 Nf4+ 42. Kxh6 1-0

[Event "Ambelokipi op 80th"]
[Site "Athens"]
[Date "2007.09.10"]
[Round "1"]
[White "Ntatsis, Georgios"]
[Black "Paizis, Konstantinos"]
[Result "1-0"]
[WhiteElo "1997"]
[BlackElo "1613"]
[PlyCount "81"]
[EventDate "2007.09.08"]
[EventType "swiss"]
[EventRounds "7"]
[EventCountry "GRE"]
[SourceTitle "EXT 2008"]
[Source "ChessBase"]
[SourceDate "2007.11.25"]
[SourceVersion "1"]
[SourceVersionDate "2007.11.25"]
[SourceQuality "1"]

1. e4 c5 2. Nf3 d6 3. d4 cxd4 4. Nxd4 Nf6 5. Nc3 a6 6. Bg5 e5 7. Nb3 Be7 8. Bxf6 Bxf6 9. Bc4 Nc6 10. Nd5 Bg5 11. a4 0-0 12. h4 Be7 13. c3 Kh8 14. Nxe7 Nxe7 15. h5 f5 16. h6 g6 17. f3 fxe4 18. fxe4 Qb6 19. Qe2 Rf4 20. Rf1 Bg4 21. Rf3 Raf8 22. Qe3 Qxe3+ 23. Rxe3 Rf2 24. Be2 Rxg2 25. Bxg4 Rxg4 26. 0-0-0 Nc8 27. Na5 Rf2 28. c4 Rgg2 29. Rb3 b6 30. Nc6 Rc2+ 31. Kb1 Rcd2 32. Rxd2 Rxd2 33. a5 Rh2 34. axb6 Nxb6 35. Rxb6 Rxh6 36. Nd8 Rh1+ 37. Kc2 g5 38. Ne6 h5 39. Nxg5 h4 40. Rxd6 h3 41. Rh6+ 1-0

[Event "Heraklio op-A 11th"]
[Site "Heraklion"]
[Date "2007.06.17"]
[Round "9"]
[White "Dounis, Alexandros"]
[Black "Ntatsis, Georgios"]
[Result "1-0"]
[WhiteElo "2174"]
[BlackElo "1949"]
[PlyCount "117"]
[EventDate "2007.06.09"]
[EventType "swiss"]
[EventRounds "9"]
[EventCountry "GRE"]
[SourceTitle "EXT 2008"]
[Source "ChessBase"]
[SourceDate "2007.11.25"]
[SourceVersion "1"]
[SourceVersionDate "2007.11.25"]
[SourceQuality "1"]

1. Nf3 c5 2. g3 g6 3. Bg2 Bg7 4. d4 cxd4 5. Nxd4 Nf6 6. 0-0 0-0 7. Nc3 Nc6 8. Nb3 d6 9. e4 Be6 10. Nd5 Bxd5 11. exd5 Ne5 12. Be3 Nc4 13. Bd4 Nh5 14. g4 Nf6 15. Qe2 Qc7 16. Rad1 a5 17. a4 Rac8 18. f4 Ne8 19. c3 Qd7 20. Ra1 f5 21. g5 Bxd4+ 22. Nxd4 Ng7 23. b3 Nb6 24. c4 Na8 25. Rae1 Rfe8 26. Rf3 Nc7 27. Re3 Kf8 28. Qd2 Ra8 29. Qb2 Kg8 30. Bf3 Na6 31. Qe2 Kf8 32. h4 Nc5 33. h5 gxh5 34. Bxh5 Ne4 35. Bxe8 Rxe8 36. Rxe4 fxe4 37. f5 Kg8 38. Qxe4 Qc7 39. Kg2 Qb6 40. Re3 Qb4 41. Qd3 Nh5 42. Qc3 Qa3 43. Kf3 Qa2 44. Kg4 Ng7 45. Ne2 Qb1 46. Ng3 Rf8 47. Qd2 Qg1 48. Rf3 Ne8 49. Qe3 h5+ 50. Kxh5 Qg2 51. Qe6+ Rf7 52. Kg4 Kf8 53. Qe2 Qg1 54. Qe3 Qh2 55. Rf2 Qg1 56. Re2 Qa1 57. Rh2 Qd1+ 58. Kf4 Qg1 59. g6 1-0

[Event "Athens Smaok op 1th"]
[Site "Athens"]
[Date "2006.12.22"]
[Round "7.12"]
[White "Ntatsis, Georgios"]
[Black "Tourkolias, Dimitrios"]
[Result "1-0"]
[WhiteElo "2002"]
[BlackElo "1831"]
[PlyCount "75"]
[EventDate "2006.11.10"]
[EventType "swiss"]
[EventRounds "6"]
[EventCountry "GRE"]
[SourceTitle "EXT 2024"]
[Source "ChessBase"]
[SourceDate "2023.10.10"]
[SourceVersion "1"]
[SourceVersionDate "2023.10.10"]
[SourceQuality "1"]

1. e4 c5 2. Nf3 Nc6 3. d4 cxd4 4. Nxd4 Nf6 5. Nc3 d6 6. Bg5 e6 7. Qd2 a6 8. 0-0-0 Bd7 9. f4 b5 10. Be2 b4 11. Nb1 Nxe4 12. Bxd8 Nxd2 13. Rxd2 Kxd8 14. Bf3 Rc8 15. Nb3 Kc7 16. c4 Be7 17. Rhd1 Rhd8 18. Re2 Kb6 19. N1d2 a5 20. Kb1 a4 21. Bxc6 axb3 22. Bxd7 bxa2+ 23. Kxa2 Rxd7 24. Kb3 d5 25. cxd5 Rxd5 26. f5 Rd3+ 27. Ka2 b3+ 28. Kb1 Kb5 29. fxe6 fxe6 30. Rxe6 Bg5 31. Re5+ Rc5 32. Rxc5+ Kxc5 33. Ne4+ Kd4 34. Rxd3+ Kxe4 35. Rxb3 Bf4 36. Rb4+ Kf5 37. Rxf4+ Kxf4 38. b4 1-0